La Estructura del poder en los Estados Unidos

Kaydedildi:
Detaylı Bibliyografya
Yazar: Birnbaum, Pierre
Materyal Türü: Metin
Baskı/Yayın Bilgisi: Buenos Aires: EUDEBA
Etiketler: Etiketle
Etiket eklenmemiş, İlk siz ekleyin!

MARC

LEADER 00000 a a2200000 04500
001 24749
003
040
090 |a 173400  
100 |a Birnbaum, Pierre  
245 |a La Estructura del poder en los Estados Unidos  
260 |a Buenos Aires:   |b EUDEBA  
300 |a 157 p   |b **no definido**   |b fonodiscos  
999 |c 14441  |d 14441